000 01190nam a2200277Ia 4500
001 ebr10052814
003 CaPaEBR
006 m u
007 cr cn|||||||||
008 000815s2002 enk s 000 0 eng d
020 _z0861766598
040 _aCaPaEBR
_cCaPaEBR
035 _a(OCoLC)133166051
050 1 4 _aTS155.63
_b.R47 2002eb
245 0 0 _aResponsive production and the agile enterprise
_h[electronic resource] /
_cGuest editor Dr. Paul Forrester.
260 _aBradford, England :
_bEmerald Group Publishing,
_cc2002.
300 _a41 p.
490 0 _aIntegrated manufacturing systems: the international journal of manufacturing technology management ;
_vv. 13, no. 2
533 _aElectronic reproduction.
_bPalo Alto, Calif. :
_cebrary,
_d2009.
_nAvailable via World Wide Web.
_nAccess may be limited to ebrary affiliated libraries.
650 0 _aComputer integrated manufacturing systems.
650 0 _aProduction management.
655 7 _aElectronic books.
_2local
700 1 _aForrester, Paul.
710 2 _aebrary, Inc.
856 4 0 _uhttp://site.ebrary.com/lib/rucke/Doc?id=10052814
_zAn electronic book accessible through the World Wide Web; click to view
999 _c65605
_d65605